Регионална библиотека "Любен Каравелов" - Русе

Седмокласниците пишат (Запис номер 101341)

MARC детайли
000 -Лидер
Контролно поле с фиксирана дължина 02346nam a2200433 c 4500
003 - Код на организацията, давaща контролен номер
Контролно поле BLK
005 - Дата и час на последна редакция
Контролно поле 20241216164640.0
008 - Елементи от данни с фиксирана дължина
fixed length control field 180409b bul|||||r ||||||| ||bul||
010 ## - Наследен системен номер
LC control number KNG00106385000
020 ## - Международен стандартен номер на книга ISBN
Международен стандартен номер на книга ISBN 954-649-376-7
-- издат.: Сиела Софт енд Паблишинг - (грешен)
040 ## - Източник на каталожния запис
Идентификатор на билиотеката - собственик на записа BLK
041 ## - Код за език
Код за езика на текст/звукозапис или на отделно заглавие Български
Код за езика КДБФ Български
080 ## - УДК
Текстов определител УДК Българска литература в основното училище. Методика на обучението
УДК код - определител по УДК 373.3.016:821.163.2
УДК определител (075.2)
УДК - код + определител 373.3.016:821.163.2(075.2)
080 ## - УДК
Текстов определител УДК Литературна дейност. Редактиране. Култура на речта. Стилистика. Литературна техника
УДК код - определител по УДК 808
УДК определител (075.2)
УДК - код + определител 808(075.2)
100 ## - Редна дума - Автор
Автор Радев, Радослав Димитров
R(LIN) 364728
139 ## - Редно поле
Редна дума Радев, Радослав Димитров и др.
Авторски знак Рад - Р 12
245 10 - Сведения за заглавието
Заглавие Седмокласниците пишат
Подзаглавни данни Съчинение разсъждение ; Коментари на худож. текстове ; Примерни варианти на подробни планове
Редно поле (дума) Радослав Димитров Радев; съавт. Койка Тинева Попова; съавт. Лили Николова.
250 ## - Област на изданието
Сведения за изданието 4. прераб. изд.
257 ## - Страна на издаване
Страна на създаване/издаване България
260 ## - Област на издателските данни
-- София
Име на издателя, разпространителя и проч. Сиела Софт енд Паблишинг
Година на издаване 2002
300 ## - Физическа характеристика
Страници 190 с.
Размери/Мащаб 21 см
380 ## - Жанр
Жанр Обществени науки
500 ## - Общи забележки
Забележка 1. изд. 1994, в 2 ч. на изд. Асио. - Офс. изд. - В кн. означено 3. прераб. изд.
650 #4 - Допълнително описание по предмет – тема
Основно описание – тема или топоним Българска литература - учебници за основни училища
9 (RLIN) 250869
650 #4 - Допълнително описание по предмет – тема
Основно описание – тема или топоним Съчинение и преразказ - учебници за основни училища
9 (RLIN) 242721
653 ## - Ключова дума – ненормативна
Ключова дума българска литература
653 ## - Ключова дума – ненормативна
Ключова дума учебни помагала
653 ## - Ключова дума – ненормативна
Ключова дума VІІ кл.
653 ## - Ключова дума – ненормативна
Ключова дума съчинение
653 ## - Ключова дума – ненормативна
Ключова дума преразказ
700 1# - Други автори (авторска отговорност)
Лично име Попова, Койка Тинева
Автороска отговорност (Описва отношението между автора и произведението) съавт.
9 (RLIN) 364619
700 1# - Други автори (авторска отговорност)
Лично име Николова, Лили
Автороска отговорност (Описва отношението между автора и произведението) съавт.
9 (RLIN) 366827
852 ## - Местоположение
Форматна сигнатура Цб 214999
856 4# - Електронен адрес и достъп
Електронен формат pdf - файл
Път до файла /url/
856 4# - Електронен адрес и достъп
Електронен формат pdf - файл
Път до файла /url/
942 ## - АРТИКУЛИ
Вид на библиотечния материал Книги
Скрит в OPAC Не
944 ## - СЪЗДАВАНЕ И РЕДАКЦИЯ на ЗАПИСА
Създаване/Редакция Създаване
Дата на регистрацията/редакция 01.01.2002
Служител, извършил регистрацията/редакцията 30550
Статус, дата на статуса Кети Илиева
944 ## - СЪЗДАВАНЕ И РЕДАКЦИЯ на ЗАПИСА
Създаване/Редакция Редакция
Дата на регистрацията/редакция 19.09.2011
Служител, извършил регистрацията/редакцията
999 ## - СИСТЕМНИ КОНТРОЛНИ НОМЕРА
Koha biblionumber 101341
Koha biblioitemnumber 101341
Наличности
Код за отписване Код за изгубен артикул Източник на класификационната схема Код за повреда Коз за рестрикции Код за отдаване Артикулен № Име на библиотеката - собственик Име на библиотеката, в която се намира в момента Статус (Текущо местоположение) Дата на вписване в системата Местоположение - отдел Цена в лева Инвентарен номер Систематично азбучна сигнатура Баркод Номер на екземпляра Цена в евро Служебна бележка Служебен тип на артикула
  Не е изгубен Universal Decimal Classification Не е повреден без рестрикции заемане за дома 163163 Регионална библиотека "Любен Каравелов" Русе Регионална библиотека "Любен Каравелов" Русе Детски отдел 2003-05-29 Детски отдел 4.00 120000676496 ДН 373.3.016:821/Р 12 Р 120000676496 1 2.05 Дост: Pk Вид: Ф N: 4 Дата: 27.05.2003 Дата инв: 21.08.2015 Бележки инв: Д2015 Книги
  Не е изгубен Universal Decimal Classification Не е повреден само за читалня ползва се в читалня 163164 Регионална библиотека "Любен Каравелов" Русе Регионална библиотека "Любен Каравелов" Русе Хранилище 2003-05-29 Основен фонд - ползва се само за читалня 4.00 120000676497 Цб 214999 120000676497 2 2.05 Дост: Pk Вид: Ф N: 4 Дата: 27.05.2003 Дата инв: 21.08.2015 Бележки инв: Д2015 Книги
Изтеглен Не е изгубен Universal Decimal Classification Не е повреден без рестрикции заемане за дома 163165 Регионална библиотека "Любен Каравелов" Русе Регионална библиотека "Любен Каравелов" Русе Детски отдел 2005-11-03 Детски отдел 4.00 120000697780 ДН 372.88/Р 12 120000697780 3 2.05 Дост: DA Вид: А N: 24 Дата: 02.11.2005 Дата инв: 21.08.2015 Бележки инв: Д2015 Книги
Vip Innovations Ltd, Rousse, Bulgaria 2025